Športová hala

Saved in:
Bibliographic Details
Main Author: Čulík, Dávid (Author)
Other Authors: Bielek, Boris (Thesis advisor)
Format: Manuscript Book
Language:Slovak
Published: 2024
Subjects:
Online Access:http://is.stuba.sk/zp/portal_zp.pl?podrobnosti=175914
https://opac.crzp.sk/?fn=detailBiblioForm&sid=AA0D9432EF6DE826C8181D4F11D3
Tags: Add Tag
No Tags, Be the first to tag this record!

MARC

LEADER 00000ntm a22000003a 4500
001 stuzp98860
003 SK-STU
005 20240917151435.1
007 ta
008 150427s2015----xo-----f-mn---000-0-slo-d
040 |a STU  |b slo 
041 0 |a slo 
100 1 |a Čulík, Dávid  |u 010180  |4 aut  |U SvF Stavebná fakulta  |T SvF Katedra konštrukcií pozemných stavieb  |X 97714  |U V180  |Y 18  |7 97714 
242 0 1 |a Sport Hall  |y eng 
245 1 0 |a Športová hala 
260 |c 2024 
650 4 |a prevetrávaná fasáda  |2 slo 
650 4 |a zelená strecha  |2 slo 
650 4 |a športová hala  |2 slo 
650 4 |a sports hall  |2 eng 
650 4 |a ventilated facade  |2 eng 
650 4 |a green roof  |2 eng 
700 1 |a Bielek, Boris  |u 010180  |k Z1  |4 ths  |U SvF Stavebná fakulta  |T SvF Katedra konštrukcií pozemných stavieb  |X 4303  |U V180  |Y 18  |7 A000004303 
856 4 |u http://is.stuba.sk/zp/portal_zp.pl?podrobnosti=175914 
856 4 |u https://opac.crzp.sk/?fn=detailBiblioForm&sid=AA0D9432EF6DE826C8181D4F11D3